[Event "Polugaevsky Memorial 2019"]
[Site "Samara"]
[Date "2019.07.16"]
[Round "7.6"]
[White "Rodchenkov, Vitaly"]
[Black "Tunik, Gennady"]
[Result "1/2-1/2"]
[WhiteElo "2302"]
[BlackElo "2371"]
[Annotator "NA"]
[PlyCount "100"]
[EventDate "2019.07.10"]
[EventType "swiss"]
[EventCountry "RUS"]
[SourceTitle "playchess.com"]
[Source "ChessBase"]
[SourceQuality "1"]
[TimeControl "5400+30"]

1. e4 {[%emt 0:00:11]} c5 {[%emt 0:00:00]} 2. Nf3 {[%emt 0:00:20]} e6 {[%emt 0:00:00]} 3. b3 {[%emt 0:00:51]} a6 {[%emt 0:00:33]} 4. Bb2 {[%emt 0:01:35]} Nc6 {[%emt 0:00:19]} 5. c4 {[%emt 0:02:33]} Qc7 {[%emt 0:04:39]} 6. g3 {[%emt 0:02:19]} d6 {[%emt 0:04:28]} 7. d4 {[%emt 0:09:03]} cxd4 {[%emt 0:01:13]} 8. Nxd4 {[%emt 0:00:25]} Nf6 {[%emt 0:00:47]} 9. Bg2 {[%emt 0:00:10]} Be7 {[%emt 0:07:13]} 10. O-O {[%emt 0:00:09]} O-O {[%emt 0:02:00]} 11. Nc3 {[%emt 0:00:39]} Nxd4 {[%emt 0:03:47]} 12. Qxd4 {[%emt 0:00:07]} Bd7 {[%emt 0:00:33]} 13. a4 {[%emt 0:03:37]} Rac8 {[%emt 0:06:18]} 14. Rfd1 {[%emt 0:11:33]} Rfd8 {[%emt 0:04:10]} 15. a5 {[%emt 0:12:49]} Rb8 {[%emt 0:04:00]} 16. Ba3 {[%emt 0:10:45]} Be8 {[%emt 0:04:53]} 17. Bb4 $14 {[%emt 0:01:13]} Ng4 {[%emt 0:07:10]} 18. Qb6 {[%emt 0:02:04]} Qxb6 {[%emt 0:05:18]} 19. axb6 {[%emt 0:00:16]} Ne5 {[%emt 0:00:35]} 20. Ra2 {[%emt 0:08:25]} Nc6 {[%emt 0:02:27]} 21. Ba3 {[%emt 0:00:07]} Kf8 {[%emt 0:03:32]} 22. Rad2 {[%emt 0:01:13]} Na5 {[%emt 0:02:06]} 23. e5 {[%emt 0:00:41]} d5 {[%emt 0:00:09]} 24. Bxe7+ {[%emt 0:00:17]} Kxe7 {[%emt 0:00:08]} 25. cxd5 {[%emt 0:00:27]} Nxb3 {[%emt 0:00:11]} 26. d6+ {[%emt 0:01:40]} Kf8 {[%emt 0:00:28]} 27. Rb2 {[%emt 0:00:40]} Nc5 {[%emt 0:00:13]} 28. Ne4 {[%emt 0:00:59]} Nd7 {[%emt 0:00:43]} 29. f4 {[%emt 0:01:26]} Rdc8 {[%emt 0:00:28]} 30. Rdd2 {[%emt 0:07:13]} Rc1+ {[%emt 0:02:56]} 31. Kf2 {[%emt 0:00:07]} Rbc8 {[%emt 0:00:05]} 32. Ng5 {[%emt 0:05:35]} h6 {[%emt 0:01:01]} 33. Nf3 {[%emt 0:00:09]} Nc5 {[%emt 0:03:45]} 34. Nd4 {[%emt 0:00:22]} Bd7 {[%emt 0:02:08]} 35. Rbc2 {[%emt 0:07:36]} Rxc2 {[%emt 0:02:22]} 36. Rxc2 {[%emt 0:00:14]} Ke8 {[%emt 0:00:17]} 37. Ke3 {[%emt 0:01:22]} Kd8 {[%emt 0:00:43]} 38. h4 {[%emt 0:04:06]} a5 {[%emt 0:03:50]} 39. Kd2 {[%emt 0:01:59]} f6 {[%emt 0:07:07]} 40. f5 {[%emt 0:00:00]} fxe5 {[%emt 0:00:00]} 41. Nxe6+ {[%emt 0:00:00]} Nxe6 {[%emt 0:00:00]} 42. fxe6 {[%emt 0:00:00]} Rxc2+ {[%emt 0:00:00]} 43. Kxc2 {[%emt 0:00:00]} Bxe6 {[%emt 0:00:00]} 44. Bxb7 {[%emt 0:00:00]} Kd7 {[%emt 0:00:00]} 45. Be4 {[%emt 0:00:00]} Kxd6 {[%emt 0:00:00]} 46. Kb2 {[%emt 0:00:00]} Bc4 {[%emt 0:00:00]} 47. Ka3 {[%emt 0:00:00]} Bb5 {[%emt 0:00:00]} 48. Kb3 {[%emt 0:00:00]} g5 {[%emt 0:00:00]} 49. hxg5 {[%emt 0:00:00]} hxg5 {[%emt 0:00:00]} 50. Ka3 {[%emt 0:00:00]} Bc6 1/2-1/2

[Event "Polugaevsky Memorial 2019"]
[Site "Samara"]
[Date "2019.07.16"]
[Round "7.7"]
[White "Karpeshov, Oleg"]
[Black "Yatzenko, Anton"]
[Result "1/2-1/2"]
[WhiteElo "2286"]
[BlackElo "2355"]
[Annotator "NA"]
[PlyCount "102"]
[EventDate "2019.07.10"]
[EventType "swiss"]
[EventCountry "RUS"]
[SourceTitle "playchess.com"]
[Source "ChessBase"]
[SourceQuality "1"]
[TimeControl "5400+30"]

1. Nf3 {[%emt 0:04:25]} Nf6 {[%emt 0:00:10]} 2. c4 {[%emt 0:00:16]} e6 {[%emt 0:00:05]} 3. g3 {[%emt 0:00:55]} d5 {[%emt 0:00:32]} 4. Bg2 {[%emt 0:00:29]} Be7 {[%emt 0:03:04]} 5. d4 {[%emt 0:03:18]} O-O {[%emt 0:00:06]} 6. Nbd2 {[%emt 0:01:32]} c5 {[%emt 0:03:10]} 7. dxc5 {[%emt 0:01:16]} Na6 {[%emt 0:00:43]} 8. O-O {[%emt 0:04:03]} Nxc5 {[%emt 0:00:55]} 9. cxd5 {[%emt 0:19:04]} Nxd5 {[%emt 0:04:34]} 10. Nb3 {[%emt 0:07:51]} Bd7 {[%emt 0:04:53]} 11. Nxc5 {[%emt 0:02:27]} Bxc5 {[%emt 0:00:19]} 12. e4 {[%emt 0:20:52]} Nf6 {[%emt 0:04:55]} 13. e5 {[%emt 0:01:39]} Nd5 {[%emt 0:00:21]} 14. Ng5 {[%emt 0:00:30]} Be7 {[%emt 0:03:10]} 15. Qh5 {[%emt 0:02:11]} h6 {[%emt 0:02:54]} 16. Ne4 {[%emt 0:00:17]} Qc7 $11 {[%emt 0:04:09]} 17. Bd2 {[%emt 0:03:18]} g6 {[%emt 0:01:33]} 18. Qxh6 {[%emt 0:01:27]} Qxe5 {[%emt 0:00:07]} 19. Nc3 {[%emt 0:02:44]} Nf6 {[%emt 0:29:58]} 20. Rfe1 {[%emt 0:03:12]} Qh5 {[%emt 0:02:35]} 21. Qf4 {[%emt 0:00:37]} Qf5 {[%emt 0:01:15]} 22. Rad1 {[%emt 0:02:45]} Qxf4 {[%emt 0:01:51]} 23. Bxf4 {[%emt 0:00:09]} Bc6 {[%emt 0:00:07]} 24. Bxc6 {[%emt 0:02:52]} bxc6 {[%emt 0:00:04]} 25. Bg5 {[%emt 0:01:13]} Rfe8 {[%emt 0:02:38]} 26. Rd4 {[%emt 0:01:07]} Rad8 {[%emt 0:02:24]} 27. Rc4 {[%emt 0:05:10]} Nd5 {[%emt 0:02:48]} 28. Bxe7 {[%emt 0:02:40]} Nxe7 {[%emt 0:01:46]} 29. Re2 {[%emt 0:00:30]} Nf5 {[%emt 0:01:19]} 30. Kg2 {[%emt 0:00:45]} e5 {[%emt 0:01:56]} 31. h4 {[%emt 0:02:34]} Kg7 {[%emt 0:04:04]} 32. Rc5 {[%emt 0:00:29]} f6 {[%emt 0:04:05]} 33. Rxc6 {[%emt 0:00:30]} Re7 {[%emt 0:00:06]} 34. Ra6 {[%emt 0:00:38]} Rb8 {[%emt 0:04:19]} 35. Ne4 {[%emt 0:01:26]} Nd4 {[%emt 0:00:36]} 36. Rd2 {[%emt 0:00:18]} Rb6 {[%emt 0:00:54]} 37. Rxb6 {[%emt 0:00:37]} axb6 {[%emt 0:00:03]} 38. Rd3 {[%emt 0:00:19]} Rc7 {[%emt 0:02:41]} 39. Rc3 {[%emt 0:00:28]} Rd7 {[%emt 0:00:10]} 40. Rc8 {[%emt 0:00:00]} f5 {[%emt 0:00:00]} 41. Ng5 {[%emt 0:00:00]} e4 {[%emt 0:00:00]} 42. a4 {[%emt 0:00:00]} Ra7 {[%emt 0:00:00]} 43. Rc4 {[%emt 0:00:00]} Nb3 {[%emt 0:00:00]} 44. Rb4 {[%emt 0:00:00]} Nc5 {[%emt 0:00:00]} 45. b3 {[%emt 0:00:00]} Nd7 {[%emt 0:00:00]} 46. Ne6+ {[%emt 0:00:00]} Kf7 {[%emt 0:00:00]} 47. Nf4 {[%emt 0:00:00]} Rc7 {[%emt 0:00:00]} 48. Rd4 {[%emt 0:00:00]} Ne5 {[%emt 0:00:00]} 49. Rd6 {[%emt 0:00:00]} Rc2 {[%emt 0:00:00]} 50. Kf1 {[%emt 0:00:00]} Rc1+ {[%emt 0:00:00]} 51. Kg2 {[%emt 0:00:00]} Rc2 {[%emt 0:00:00]} 1/2-1/2

[Event "Polugaevsky Memorial 2019"]
[Site "Samara"]
[Date "2019.07.16"]
[Round "7.8"]
[White "Mnatsakanian, Arsen"]
[Black "Mukhutdinov, Tigran"]
[Result "1-0"]
[WhiteElo "2231"]
[BlackElo "2328"]
[Annotator "NA"]
[PlyCount "67"]
[EventDate "2019.07.10"]
[EventType "swiss"]
[EventCountry "RUS"]
[SourceTitle "playchess.com"]
[Source "ChessBase"]
[SourceQuality "1"]
[TimeControl "5400+30"]

1. e4 {[%emt 0:00:29]} c5 {[%emt 0:00:55]} 2. d3 {[%emt 0:04:09]} Nc6 {[%emt 0:02:10]} 3. g3 {[%emt 0:00:06]} d5 {[%emt 0:05:28]} 4. Nd2 {[%emt 0:00:10]} Nf6 {[%emt 0:04:33]} 5. Bg2 {[%emt 0:00:13]} g6 {[%emt 0:00:44]} 6. Ngf3 {[%emt 0:01:23]} Bg7 {[%emt 0:01:33]} 7. O-O {[%emt 0:00:10]} O-O {[%emt 0:00:34]} 8. Re1 {[%emt 0:00:35]} dxe4 {[%emt 0:03:05]} 9. dxe4 {[%emt 0:00:20]} Nd7 {[%emt 0:02:50] A08: King's Indian Attack} (9... h6 10. c3 Be6 11. Qe2 Qb6 12. Bf1 Rad8 13. Nb3 Na5 14. Nfd2 Nxb3 15. axb3 Ng4 16. Nc4 Bxc4 17. bxc4 Ne5 18. Be3 a6 19. Red1 {1-0 (37) Petrosian,T (2606)-Villanueva,M (2466) chess.com INT 2018}) 10. Nc4 {[%emt 0:05:22]} Nb6 $146 {[%emt 0:11:51]} ({Predecessor:} 10... b6 11. Ne3 Ba6 12. Rb1 Nd4 13. Nd5 e6 14. Nc3 Nxf3+ 15. Bxf3 Ne5 16. Bg2 Qxd1 17. Rxd1 {½-½ (34) Kobialko,D (1992)-Zapolski,K (2112) Koszalin 2003}) 11. Ne3 {[%emt 0:04:07]} Nd4 {[%emt 0:07:01]} 12. c3 {[%emt 0:00:08]} Nxf3+ {[%emt 0:00:07]} 13. Qxf3 {[%emt 0:00:04]} Bd7 {[%emt 0:01:24]} 14. Rd1 {[%emt 0:02:00]} Qc8 {[%emt 0:01:07]} 15. Qe2 {[%emt 0:03:18]} e6 {[%emt 0:05:17]} 16. h4 {[%emt 0:02:00]} h5 {[%emt 0:03:59]} 17. g4 {[%emt 0:00:31]} hxg4 {[%emt 0:05:54]} 18. Qxg4 {[%emt 0:00:04]} Qe8 {[%emt 0:04:01] [#]} 19. Qg5 {[%emt 0:05:52]} (19. Qg3 $1 $16) 19... Qd8 {[%emt 0:03:58]} (19... Bc6 $11 {remains equal.}) 20. Qg3 {[%emt 0:04:18]} f5 $16 {[%emt 0:03:26]} 21. exf5 {[%emt 0:03:08]} gxf5 {[%emt 0:01:23]} 22. Nf1 {[%emt 0:00:17]} Qf6 {[%emt 0:02:07]} 23. Bg5 {[%emt 0:00:27]} f4 {[%emt 0:01:44]} 24. Qd3 {[%emt 0:08:23]} Qf7 {[%emt 0:01:19]} 25. Bxb7 {[%emt 0:00:19]} Rab8 {[%emt 0:04:11]} 26. Be4 {[%emt 0:00:18]} c4 {[%emt 0:01:20]} 27. Qf3 {[%emt 0:05:43]} e5 {[%emt 0:05:13]} 28. Rxd7 {[%emt 0:10:33]} Qxd7 {[%emt 0:00:04]} 29. Rd1 {[%emt 0:00:06]} Qf7 {[%emt 0:02:17]} 30. Rd6 {[%emt 0:00:05]} Rfe8 {[%emt 0:02:41]} 31. Qg4 {[%emt 0:01:38]} Rb7 {[%emt 0:02:22]} 32. Bh6 {[%emt 0:05:34]} Kf8 {[%emt 0:03:42]} 33. Bxb7 {[%emt 0:00:22]} Ke7 {[%emt 0:02:32]} 34. Bd5 {[%emt 0:01:28]} 1-0

[Event "Polugaevsky Memorial 2019"]
[Site "Samara"]
[Date "2019.07.16"]
[Round "7.9"]
[White "Gitelson, Arkady"]
[Black "Ovetchkin, Roman"]
[Result "0-1"]
[WhiteElo "2191"]
[BlackElo "2538"]
[Annotator "ChessBase"]
[PlyCount "118"]
[EventDate "2019.07.10"]
[EventType "swiss"]
[EventCountry "RUS"]
[SourceTitle "playchess.com"]
[Source "ChessBase"]
[SourceQuality "1"]
[TimeControl "5400+30"]

1. Nf3 {[%emt 0:06:55]} d5 {[%emt 0:00:00]} 2. g3 {[%emt 0:00:03]} Bg4 {[%emt 0:00:13]} 3. Bg2 {[%emt 0:00:04]} Nd7 {[%emt 0:00:10]} 4. d4 {[%emt 0:00:04]} c6 {[%emt 0:00:15]} 5. O-O {[%emt 0:00:04]} e6 {[%emt 0:00:08]} 6. Nbd2 {[%emt 0:00:04]} Ngf6 {[%emt 0:00:15]} 7. Re1 {[%emt 0:00:04]} Be7 {[%emt 0:00:06]} 8. e4 {[%emt 0:00:04]} O-O {[%emt 0:00:11]} 9. c3 {[%emt 0:00:04]} Bh5 {[%emt 0:00:21]} 10. e5 {[%emt 0:00:16]} Ne8 {[%emt 0:00:07]} 11. Nb3 {[%emt 0:00:04]} c5 {[%emt 0:02:10]} 12. Be3 {[%emt 0:00:15]} c4 {[%emt 0:03:00]} 13. Nc1 {[%emt 0:00:04]} b5 {[%emt 0:01:57]} 14. Ne2 {[%emt 0:01:50]} b4 {[%emt 0:01:42]} 15. Nf4 {[%emt 0:00:43]} Bg4 {[%emt 0:00:12]} 16. h3 {[%emt 0:07:52]} Bf5 {[%emt 0:00:58]} 17. g4 {[%emt 0:00:26]} Be4 {[%emt 0:00:11]} 18. Nd2 {[%emt 0:00:05]} Bxg2 {[%emt 0:00:12]} 19. Kxg2 {[%emt 0:00:02]} bxc3 {[%emt 0:07:11]} 20. bxc3 {[%emt 0:00:05]} Qa5 {[%emt 0:00:15]} 21. Qc2 {[%emt 0:00:53]} Nc7 {[%emt 0:01:12]} 22. a4 {[%emt 0:01:44]} Rab8 {[%emt 0:01:25]} 23. h4 {[%emt 0:04:09]} Rb6 {[%emt 0:02:19]} 24. g5 {[%emt 0:01:37]} Rfb8 {[%emt 0:00:21]} 25. Ra2 {[%emt 0:00:23]} Rb3 {[%emt 0:03:18]} 26. Ne2 {[%emt 0:06:33]} Qb6 {[%emt 0:02:14]} 27. h5 {[%emt 0:02:18]} Rb2 {[%emt 0:00:35]} 28. Rxb2 {[%emt 0:00:03]} Qxb2 {[%emt 0:00:08]} 29. Qd1 {[%emt 0:00:01]} Nf8 {[%emt 0:10:21]} 30. Rh1 {[%emt 0:03:04]} Qa2 {[%emt 0:11:56]} 31. Rh3 {[%emt 0:22:34]} Rb2 {[%emt 0:05:30]} 32. f4 {[%emt 0:07:21]} Rc2 {[%emt 0:03:35]} 33. Rf3 {[%emt 0:01:28]} Qxa4 {[%emt 0:06:01]} 34. f5 {[%emt 0:03:35]} exf5 {[%emt 0:00:15]} 35. Rxf5 {[%emt 0:00:02]} g6 {[%emt 0:06:35]} 36. Rf2 {[%emt 0:00:49]} Nce6 {[%emt 0:00:39]} 37. Nf3 {[%emt 0:08:09]} Ra2 {[%emt 0:06:52]} 38. Qf1 {[%emt 0:00:59]} a5 {[%emt 0:09:18]} 39. Nh2 {[%emt 0:04:30]} gxh5 {[%emt 0:03:22]} 40. Kh1 {[%emt 0:00:00]} Ng6 {[%emt 0:00:00]} 41. Qg2 {[%emt 0:00:00]} Rxe2 {[%emt 0:00:00]} 42. Rxe2 {[%emt 0:00:00]} Qa1+ {[%emt 0:00:00]} 43. Nf1 {[%emt 0:00:00]} Ngf4 {[%emt 0:00:00]} 44. Ra2 {[%emt 0:00:00]} Qxc3 {[%emt 0:00:00]} 45. Qg3 {[%emt 0:00:00]} Qd3 {[%emt 0:00:00]} 46. Rf2 {[%emt 0:00:00]} Qe4+ {[%emt 0:00:00]} 47. Kg1 {[%emt 0:00:00]} Nd3 {[%emt 0:00:00]} 48. Nd2 {[%emt 0:00:55]} h4 {[%emt 0:00:00]} 49. Nxe4 {[%emt 0:00:54]} hxg3 {[%emt 0:00:00]} 50. Nf6+ {[%emt 0:00:07]} Bxf6 {[%emt 0:00:00]} 51. Rxf6 {[%emt 0:00:03]} c3 {[%emt 0:00:00]} 52. Rf1 {[%emt 0:00:17]} c2 {[%emt 0:00:00]} 53. Ra1 {[%emt 0:00:38]} Nxd4 {[%emt 0:00:00]} 54. Rxa5 {[%emt 0:03:08]} c1=Q+ {[%emt 0:00:00]} 55. Bxc1 {[%emt 0:00:05]} Nxc1 {[%emt 0:00:00]} 56. Kg2 {[%emt 0:03:36]} Nce2 {[%emt 0:00:00]} 57. Ra8+ {[%emt 0:00:19]} Kg7 {[%emt 0:00:00]} 58. Ra6 {[%emt 0:00:05]} Ne6 {[%emt 0:00:00]} 59. Kf3 {[%emt 0:00:11]} N6f4 {[%emt 0:00:00]} 0-1

[Event "Polugaevsky Memorial 2019"]
[Site "Samara"]
[Date "2019.07.16"]
[Round "7.10"]
[White "Tunik, Sergey"]
[Black "Gaifullin, Artur"]
[Result "0-1"]
[WhiteElo "2166"]
[BlackElo "2453"]
[Annotator "ChessBase"]
[PlyCount "58"]
[EventDate "2019.07.10"]
[EventType "swiss"]
[EventCountry "RUS"]
[SourceTitle "playchess.com"]
[Source "ChessBase"]
[SourceQuality "1"]
[TimeControl "5400+30"]

1. d4 {[%emt 0:00:17]} Nf6 {[%emt 0:00:39]} 2. c4 {[%emt 0:00:30]} e6 {[%emt 0:00:30]} 3. Nc3 {[%emt 0:00:30]} Bb4 {[%emt 0:00:30]} 4. e3 {[%emt 0:00:30]} O-O {[%emt 0:00:00]} 5. Bd3 {[%emt 0:00:00]} b6 {[%emt 0:00:00]} 6. Nge2 {[%emt 0:02:01]} Bb7 {[%emt 0:00:03]} 7. O-O {[%emt 0:00:19]} d5 {[%emt 0:00:18]} 8. cxd5 {[%emt 0:07:29]} exd5 {[%emt 0:00:06]} 9. Qa4 {[%emt 0:03:35]} Bd6 {[%emt 0:00:51]} 10. Bd2 {[%emt 0:05:07]} a6 {[%emt 0:00:33]} 11. Qc2 {[%emt 0:11:32]} Nbd7 {[%emt 0:01:12]} 12. f3 {[%emt 0:01:46]} c5 {[%emt 0:00:47]} 13. Be1 {[%emt 0:00:28]} g6 {[%emt 0:03:31]} 14. Qd2 {[%emt 0:02:04]} Re8 {[%emt 0:00:19]} 15. Bg3 {[%emt 0:04:40]} Bxg3 {[%emt 0:02:33]} 16. Nxg3 {[%emt 0:01:43]} b5 {[%emt 0:03:27]} 17. Bc2 {[%emt 0:02:47]} Qb6 {[%emt 0:01:18]} 18. Rf2 {[%emt 0:11:06]} Rac8 {[%emt 0:01:12]} 19. Rd1 {[%emt 0:03:07]} Nf8 {[%emt 0:18:32]} 20. e4 {[%emt 0:12:30]} dxe4 {[%emt 0:19:08]} 21. Ncxe4 {[%emt 0:04:30]} Nxe4 {[%emt 0:02:57]} 22. Bxe4 {[%emt 0:05:39]} Rcd8 23. Bxb7 {[%emt 0:00:07]} Rxd4 {[%emt 0:01:45]} 24. Qc2 Qxb7 25. Ne4 {[%emt 0:00:45]} Red8 {[%emt 0:01:15]} 26. Rfd2 {[%emt 0:01:19]} Ne6 {[%emt 0:01:32]} 27. b4 {[%emt 0:07:25]} cxb4 {[%emt 0:02:45]} 28. Rxd4 {[%emt 0:04:03]} Nxd4 {[%emt 0:00:12]} 29. Qf2 {[%emt 0:00:20]} Nxf3+ {[%emt 0:00:13]} 0-1

[Event "Polugaevsky Memorial 2019"]
[Site "Samara"]
[Date "2019.07.17"]
[Round "8.1"]
[White "Aukhatov, Roman"]
[Black "Shaposhnikov, Evgeny"]
[Result "*"]
[WhiteElo "2119"]
[BlackElo "2575"]
[Annotator "RC"]
[PlyCount "114"]
[EventDate "2019.07.10"]
[EventType "swiss"]
[EventCountry "RUS"]
[SourceTitle "playchess.com"]
[Source "ChessBase"]
[SourceQuality "1"]
[TimeControl "5400+30"]

1. Nf3 {[%emt 0:00:00]} Nf6 {[%emt 0:00:31]} 2. c4 {[%emt 0:00:00]} e6 {[%emt 0:00:41]} 3. g3 {[%emt 0:00:00]} d5 {[%emt 0:00:24]} 4. d4 {[%emt 0:00:00]} Bb4+ {[%emt 0:00:31]} 5. Bd2 {[%emt 0:00:05]} Be7 {[%emt 0:00:17]} 6. Bg2 {[%emt 0:00:10]} O-O {[%emt 0:00:24]} 7. O-O {[%emt 0:00:06]} c6 {[%emt 0:00:29]} 8. Qc2 {[%emt 0:00:21]} a5 {[%emt 0:01:23]} 9. Rc1 {[%emt 0:03:18]} Nbd7 {[%emt 0:04:06]} 10. a4 {[%emt 0:00:18]} b6 {[%emt 0:08:24]} 11. cxd5 {[%emt 0:01:16]} cxd5 {[%emt 0:02:49]} 12. Na3 {[%emt 0:01:52]} Ba6 {[%emt 0:04:42]} 13. Bf4 {[%emt 0:05:46]} Bb4 {[%emt 0:03:56]} 14. Nb5 {[%emt 0:02:54]} Qe7 {[%emt 0:02:59]} 15. Qd1 {[%emt 0:06:49]} Ne8 {[%emt 0:06:23]} 16. Rc6 {[%emt 0:06:19]} Bb7 {[%emt 0:02:37]} 17. Rc2 {[%emt 0:00:41]} Rc8 {[%emt 0:14:31]} 18. Rac1 {[%emt 0:00:28]} Rxc2 {[%emt 0:02:41]} 19. Rxc2 {[%emt 0:00:06]} h6 {[%emt 0:02:17]} 20. h4 {[%emt 0:00:15]} Ba6 {[%emt 0:03:04]} 21. Qd3 {[%emt 0:10:02]} Nd6 {[%emt 0:01:43]} 22. Rc7 {[%emt 0:01:52]} Rc8 {[%emt 0:04:41]} 23. Rxc8+ {[%emt 0:10:02]} Bxc8 {[%emt 0:04:48]} 24. Qc2 {[%emt 0:00:31]} Ba6 {[%emt 0:00:47]} 25. Qc6 {[%emt 0:00:38]} Bxb5 {[%emt 0:02:50]} 26. axb5 {[%emt 0:00:06]} Ne8 {[%emt 0:01:33]} 27. Qc8 {[%emt 0:08:12]} Kf8 {[%emt 0:01:03]} 28. Bc7 {[%emt 0:04:30]} a4 {[%emt 0:04:42]} 29. Nh2 {[%emt 0:04:43]} Ba5 {[%emt 0:01:26]} 30. e4 {[%emt 0:01:03]} dxe4 {[%emt 0:03:37]} 31. Bd8 {[%emt 0:00:36]} Qd6 {[%emt 0:01:10]} 32. Bxe4 {[%emt 0:00:08]} Qxd4 {[%emt 0:03:26]} 33. Bc6 {[%emt 0:00:37]} Ndf6 {[%emt 0:06:17]} 34. Bxf6 {[%emt 0:00:08]} gxf6 {[%emt 0:00:02]} 35. Bxe8 {[%emt 0:00:46]} Be1 {[%emt 0:00:32]} 36. Qd7 {[%emt 0:01:17]} Bxf2+ {[%emt 0:00:21]} 37. Kg2 {[%emt 0:00:07]} Qxd7 {[%emt 0:00:08]} 38. Bxd7 {[%emt 0:00:08]} Bd4 {[%emt 0:00:07]} 39. Bc6 {[%emt 0:00:48]} Bxb2 {[%emt 0:00:05]} 40. Be4 {[%emt 0:00:00]} a3 {[%emt 0:00:00]} 41. Bb1 {[%emt 0:00:00]} f5 {[%emt 0:00:00]} 42. Nf3 {[%emt 0:00:00]} Bc3 {[%emt 0:00:00]} 43. Kf2 {[%emt 0:00:00]} Ke7 {[%emt 0:00:00]} 44. Ke3 {[%emt 0:00:00]} Kd6 {[%emt 0:00:00]} 45. Kd3 {[%emt 0:00:00]} Be5 {[%emt 0:00:00]} 46. Nxe5 {[%emt 0:00:00]} Kxe5 {[%emt 0:00:00]} 47. Ba2 {[%emt 0:00:00]} f4 {[%emt 0:00:00]} 48. g4 {[%emt 0:00:00]} f6 {[%emt 0:00:00]} 49. Bb3 {[%emt 0:00:00]} Kd6 {[%emt 0:00:00]} 50. Kc3 {[%emt 0:00:00]} f3 {[%emt 0:00:00]} 51. Bd1 {[%emt 0:00:00]} f2 {[%emt 0:00:00]} 52. Be2 {[%emt 0:00:00]} Ke5 {[%emt 0:00:00]} 53. Kb3 {[%emt 0:00:00]} Kd4 {[%emt 0:00:00]} 54. Kxa3 {[%emt 0:00:00]} Kc3 {[%emt 0:00:00]} 55. Bf1 {[%emt 0:00:00]} e5 {[%emt 0:00:00]} 56. Ka2 {[%emt 0:00:00]} e4 {[%emt 0:00:00]} 57. Kb1 {[%emt 0:00:00]} Kd2 {[%emt 0:00:00]} *

[Event "Polugaevsky Memorial 2019"]
[Site "Samara"]
[Date "2019.07.17"]
[Round "8.2"]
[White "Gabrielian, Artur"]
[Black "Zhigalko, Andrey"]
[Result "*"]
[WhiteElo "2458"]
[BlackElo "2549"]
[Annotator "TA"]
[PlyCount "30"]
[EventDate "2019.07.10"]
[EventType "swiss"]
[EventCountry "RUS"]
[SourceTitle "playchess.com"]
[Source "ChessBase"]
[SourceQuality "1"]

{[%evp 11,18,13,16,15,35,8,11,0,15]} 1. e4 e5 2. Nf3 Nc6 3. Bc4 Bc5 4. d3 Nf6 5. O-O d6 6. c3 a6 7. a4 {C54: Giuoco Piano: 4 c3 Nf6, main lines with 5 d4 and 5 d3} Ba7 8. Nbd2 O-O 9. Re1 Ng4 {Predecessor:} 10. Re2 $146 Kh8 11. h3 f5 12. d4 Nh6 13. Bd5 exd4 14. cxd4 fxe4 15. Nxe4 Bxh3 {½-½ (34) McShane,L (2664)-Adams,M (2703) London 2018} *

[Event "Polugaevsky Memorial 2019"]
[Site "Samara"]
[Date "2019.07.17"]
[Round "8.4"]
[White "Gaifullin, Artur"]
[Black "Mnatsakanian, Arsen"]
[Result "*"]
[WhiteElo "2453"]
[BlackElo "2231"]
[Annotator "TA"]
[PlyCount "27"]
[EventDate "2019.07.10"]
[EventType "swiss"]
[EventCountry "RUS"]
[SourceTitle "playchess.com"]
[Source "ChessBase"]
[SourceQuality "1"]

{[%evp 15,27,78,92,76,108,88,109,94,95,101,134,125,125,115]} 1. d4 Nf6 2. Nf3 g6 3. c4 c5 4. d5 d6 5. Nc3 e5 6. e4 Bg7 7. Be2 O-O 8. O-O h6 9. Ne1 {E92: King's Indian: Classical: 6 Be2 e5: 7 dxe5, 7 Be3 and Petrosian System without 7...Nbd7} Re8 (9... Nh7 10. Nd3 Nd7 11. f4 exf4 12. Bxf4 Qe7 13. Qd2 h5 14. Nb5 Ne5 15. Nxe5 Bxe5 16. Bxe5 Qxe5 {0-1 (51) Krupenski,J (2432)-Andriasian,Z (2621) Tallinn 2016}) 10. Nd3 $146 ({Predecessor:} 10. Rb1 Nbd7 11. a3 b6 12. Be3 Nf8 13. b4 N6d7 14. Bg4 Nh7 15. Nb5 Nhf6 16. Nxd6 Nxg4 17. Nxe8 Nxe3 18. fxe3 Qxe8 {0-1 (56) Kijac,M (2145)-Ruckschloss,K (2215) Slovakia 1997}) 10... Nbd7 11. Be3 Nh7 12. Qd2 f5 {[#]} 13. exf5 $1 gxf5 {Black wants to play ...f4.} 14. Bxh6 *

[Event "Polugaevsky Memorial 2019"]
[Site "Samara"]
[Date "2019.07.17"]
[Round "8.5"]
[White "Demianjuk, Alexander"]
[Black "Goganov, Aleksey"]
[Result "*"]
[WhiteElo "2323"]
[BlackElo "2561"]
[Annotator "TA"]
[PlyCount "24"]
[EventDate "2019.07.10"]
[EventType "swiss"]
[EventCountry "RUS"]
[SourceTitle "playchess.com"]
[Source "ChessBase"]
[SourceQuality "1"]

{[%evp 16,24,26,0,1,-3,0,-2,-16,-23,-22]} 1. e4 e5 2. Nf3 Nc6 3. Bb5 g6 4. d4 exd4 5. Bg5 Be7 6. Bxe7 Qxe7 7. Bxc6 dxc6 8. Qxd4 Nf6 9. O-O c5 {C60: Ruy Lopez: Unusual Black 3rd moves and 3...g6} 10. Qe3 b6 11. c4 $146 ({Predecessor:} 11. Nc3 Bb7 12. Rad1 O-O 13. e5 Ng4 14. Qf4 Bxf3 15. Qxf3 Qh4 16. Qf4 g5 17. Qg3 Qxg3 18. hxg3 Nxe5 {½-½ (60) Guseinov,G (2573)-Petrosian,T (2599) Iran 2005}) 11... Bb7 ({Much worse is} 11... Nxe4 $6 12. Re1 $16) 12. Nc3 O-O-O *

[Event "Polugaevsky Memorial 2019"]
[Site "Samara"]
[Date "2019.07.17"]
[Round "8.6"]
[White "Yatzenko, Anton"]
[Black "Ovetchkin, Roman"]
[Result "*"]
[WhiteElo "2355"]
[BlackElo "2538"]
[Annotator "TA"]
[PlyCount "23"]
[EventDate "2019.07.10"]
[EventType "swiss"]
[EventCountry "RUS"]
[SourceTitle "playchess.com"]
[Source "ChessBase"]
[SourceQuality "1"]

{[%evp 16,21,46,22,45,39,50,25]} 1. d4 Nf6 2. Nf3 g6 3. c4 Bg7 4. g3 O-O 5. Bg2 c5 6. d5 b5 7. cxb5 a6 8. bxa6 d6 9. O-O Nbd7 {E60: King's Indian: Unusual lines and Fianchetto Variation without Nc3} (9... Bf5 10. Nfd2 Nxa6 11. Nc3 Nb4 12. Nc4 Nc2 13. g4 Nxg4 14. e4 Nxa1 15. exf5 Bxc3 16. bxc3 Nf6 17. Qe2 Re8 18. Bg5 Qd7 19. fxg6 hxg6 20. Rxa1 {½-½ (34) Grischuk,A (2766)-Carlsen,M (2842) Saint Louis 2018}) 10. Nc3 Nb6 11. Ne1 {Predecessor:} Bxa6 $146 12. Nc2 {½-½ (12) Nikolic,P (2578)-Bauer,C (2639) Zuerich 2019} *